[Event "World Rapid 2023"]
[Site "Samarkand UZB"]
[Date "2023.12.28"]
[EventDate "2023.12.26"]
[Round "10.45"]
[Result "1/2-1/2"]
[White "Aleksey Grebnev"]
[Black "Sanan Sjugirov"]
[WhiteElo "2525"]
[BlackElo "2703"]
[PlyCount "98"]

1. Nf3 d5 2. e3 Nf6 3. c4 e6 4. Nc3 b6 5. cxd5 exd5 6. g3 Nbd7 7. Bg2 c6 8. O-O
Be7 9. d3 O-O 10. b3 Ba6 11. Bb2 Nc5 12. Ne1 Ne6 13. Ne2 c5 14. Rc1 Rc8 15. Nf3
Re8 16. Re1 b5 17. Ne5 Qb6 18. Nf4 Nxf4 19. gxf4 Bb7 20. Qf3 Bf8 21. Re2 Rc7 22.
Qg3 a5 23. Rec2 Rec8 24. Nf3 Nd7 25. Bh3 Re8 26. Bxd7 Rxd7 27. Rxc5 d4 28. Bxd4
Rxd4 29. exd4 Bxc5 30. Rxc5 Qd6 31. Kf1 a4 32. Re5 Rc8 33. f5 Qa3 34. f6 g6 35.
Rxb5 Qc1+ 36. Kg2 axb3 37. axb3 Qc6 38. Rc5 Qxf6 39. Rxc8+ Bxc8 40. Qg5 Qe6 41.
d5 Qh3+ 42. Kg1 Bb7 43. Qg3 Qd7 44. Qb8+ Kg7 45. Qe5+ Kg8 46. Qb8+ Kg7 47. Qe5+
Kg8 48. Qb8+ Kg7 49. Qe5+ 1/2-1/2

[Event "World Rapid 2023"]
[Site "Samarkand UZB"]
[Date "2023.12.28"]
[EventDate "2023.12.26"]
[Round "10.46"]
[Result "1/2-1/2"]
[White "Mukhammadzokhid Suyarov"]
[Black "Boris Savchenko"]
[WhiteElo "2359"]
[BlackElo "2505"]
[PlyCount "58"]

1. e4 e5 2. Nf3 Nc6 3. Nc3 Nf6 4. a3 Be7 5. d4 exd4 6. Nxd4 O-O 7. Nxc6 bxc6 8.
e5 Ne8 9. Bc4 d5 10. exd6 cxd6 11. O-O d5 12. Bd3 Bd6 13. h3 Qf6 14. Ne2 Nc7 15.
Ng3 Ne6 16. c4 Bxg3 17. fxg3 Qd4+ 18. Kh2 dxc4 19. Be2 Ba6 20. Qc2 Rab8 21. Rd1
Qf2 22. Qe4 Rb3 23. Bf3 c5 24. Rd2 Qf1 25. Rd1 Qf2 26. Rd2 Qf1 27. Rd1 Qf2 28.
Rd2 Qf1 29. Rd1 1/2-1/2

[Event "World Rapid 2023"]
[Site "Samarkand UZB"]
[Date "2023.12.28"]
[EventDate "2023.12.26"]
[Round "10.47"]
[Result "0-1"]
[White "Aleksey Dreev"]
[Black "Maksim Tsaruk"]
[WhiteElo "2606"]
[BlackElo "2460"]
[PlyCount "90"]

1. d4 f5 2. Nf3 Nf6 3. g3 g6 4. Bg2 Bg7 5. O-O O-O 6. b3 c5 7. c4 Ne4 8. Bb2 Nc6
9. e3 e6 10. Nc3 d5 11. cxd5 exd5 12. Na4 b6 13. Qc1 Ba6 14. Rd1 Be2 15. Re1
Bxf3 16. Bxf3 Qe7 17. Rd1 f4 18. exf4 Nxd4 19. Qe3 Nxf3+ 20. Qxf3 d4 21. Re1
Rae8 22. Re2 Ng5 23. Qd5+ Qf7 24. Qxf7+ Nxf7 25. Rae1 Nd6 26. Bc1 Kf7 27. Nb2
Rxe2 28. Rxe2 Re8 29. Rxe8 Kxe8 30. Nd3 Kd7 31. Kf1 Kc6 32. a4 a6 33. Ba3 Nb7
34. Ke2 b5 35. axb5+ axb5 36. g4 c4 37. Nb4+ Kd7 38. bxc4 bxc4 39. f5 gxf5 40.
gxf5 Nd6 41. Nd5 d3+ 42. Kd1 c3 43. f6 c2+ 44. Kc1 Bh6+ 45. f4 Nc4 0-1

[Event "World Rapid 2023"]
[Site "Samarkand UZB"]
[Date "2023.12.28"]
[EventDate "2023.12.26"]
[Round "10.49"]
[Result "1-0"]
[White "Guha Mitrabha"]
[Black "Baadur Jobava"]
[WhiteElo "2508"]
[BlackElo "2591"]
[PlyCount "92"]

1. d4 Nf6 2. c4 c5 3. Nf3 cxd4 4. Nxd4 e5 5. Nb5 d5 6. cxd5 Bc5 7. e3 O-O 8.
N5c3 Bf5 9. Be2 Na6 10. a3 Nc7 11. b4 Be7 12. Bb2 Re8 13. Nd2 Ncxd5 14. Nc4 Nxc3
15. Bxc3 Nd5 16. Bxe5 Bf6 17. Qd4 Rxe5 18. Nxe5 Qc7 19. f4 Rd8 20. Qc5 Qxc5 21.
bxc5 Nxe3 22. Kf2 Nd5 23. Rad1 Nxf4 24. Rxd8+ Bxd8 25. Bc4 Be7 26. Nxf7 Bxc5+
27. Kf3 Be6 28. Ne5 Bxc4 29. Nxc4 Ne6 30. a4 b5 31. axb5 Nd4+ 32. Ke4 Nxb5 33.
Kd5 Be7 34. Ra1 Bf6 35. Ra5 Nc3+ 36. Ke6 Ne2 37. g3 Nd4+ 38. Kd7 Nf3 39. h3 Kf7
40. Nd6+ Kg8 41. Rxa7 h5 42. Ne4 Kf7 43. Kd6+ Kg6 44. Nxf6 gxf6 45. Ra4 Ne5 46.
Ke6 1-0

[Event "World Rapid 2023"]
[Site "Samarkand UZB"]
[Date "2023.12.28"]
[EventDate "2023.12.26"]
[Round "10.50"]
[Result "1-0"]
[White "Matvey Galchenko"]
[Black "Surya Shekhar Ganguly"]
[WhiteElo "2438"]
[BlackElo "2578"]
[PlyCount "114"]

1. e4 e5 2. Nf3 Nc6 3. d4 exd4 4. Nxd4 Nf6 5. Nxc6 bxc6 6. Nd2 Bc5 7. Nb3 Nxe4
8. Nxc5 Nxc5 9. Be3 d6 10. Bxc5 dxc5 11. Qxd8+ Kxd8 12. O-O-O+ Ke7 13. Be2 Be6
14. Bf3 Rad8 15. Bxc6 Rd6 16. Be4 Rhd8 17. a3 f5 18. Bf3 g5 19. h4 g4 20. Be2 f4
21. Bd3 c4 22. Be4 h6 23. g3 Rf8 24. Rde1 Kd7 25. Re2 c3 26. bxc3 Rb8 27. Bd3
Rdb6 28. Kd2 Rf8 29. Rhe1 Rd6 30. Re5 Bc4 31. Re7+ Kc6 32. R1e4 Bxd3 33. cxd3
fxg3 34. Rc4+ Kb6 35. Rb4+ Kc6 36. Rc4+ Kb6 37. fxg3 Rf3 38. Rb4+ Kc6 39. Rc4+
Kb6 40. d4 Rc6 41. Rxc6+ Kxc6 42. Re6+ Kb5 43. Rxh6 Rxg3 44. Rg6 a5 45. h5 Ka4
46. Rg5 c6 47. Kc2 Rh3 48. Rxg4 Rxh5 49. d5+ Kb5 50. d6 c5 51. d7 Rh8 52. Rg6
Rd8 53. Rd6 c4 54. Kd2 Ka4 55. Rd5 Kb3 56. a4 Kxa4 57. Kc2 1-0

[Event "World Rapid 2023"]
[Site "Samarkand UZB"]
[Date "2023.12.28"]
[EventDate "2023.12.26"]
[Round "10.51"]
[Result "1-0"]
[White "Henriquez Villagra, Cristobal"]
[Black "Vugar Asadli"]
[WhiteElo "2607"]
[BlackElo "2562"]
[PlyCount "64"]

1. d4 Nf6 2. Nf3 g6 3. c4 d6 4. Nc3 Bf5 5. Bg5 Bg7 6. e3 Ne4 7. Nxe4 Bxe4 8. Bd3
Bxd3 9. Qxd3 O-O 10. O-O h6 11. Bh4 Nc6 12. d5 Nb8 13. Rab1 Nd7 14. Nd4 Rc8 15.
Qa3 Re8 16. Rbd1 c6 17. dxc6 bxc6 18. Rd2 Qb6 19. Rfd1 Nc5 20. f3 e5 21. Nb3 Nb7
22. Bf2 e4 23. f4 a5 24. Rxd6 Nxd6 25. c5 Nc4 26. cxb6 Nxa3 27. bxa3 Rb8 28.
Nxa5 Rxb6 29. Nc4 Ra6 30. Rd7 Bf6 31. Nd6 Be7 32. Nxe8 1-0

[Event "World Rapid 2023"]
[Site "Samarkand UZB"]
[Date "2023.12.28"]
[EventDate "2023.12.26"]
[Round "10.52"]
[Result "1-0"]
[White "Raunak Sadhwani"]
[Black "Vadim Zvjaginsev"]
[WhiteElo "2654"]
[BlackElo "2567"]
[PlyCount "110"]

1. d4 d5 2. c4 c6 3. Nf3 Nf6 4. e3 e6 5. Nc3 Nbd7 6. Qc2 b6 7. Be2 Bb7 8. O-O
Bd6 9. Rd1 O-O 10. b3 Re8 11. Bb2 Qe7 12. a4 a5 13. g3 Rac8 14. cxd5 cxd5 15.
Rac1 Ne4 16. Qb1 Bb4 17. Nxe4 dxe4 18. Nd2 Nf6 19. Nc4 Nd5 20. Bf1 f5 21. Ne5 g5
22. Rxc8 Rxc8 23. Rc1 Rf8 24. Qc2 Bd6 25. Nc4 Bb4 26. Bg2 g4 27. Bf1 Rc8 28. Qd1
h5 29. Ne5 Rxc1 30. Qxc1 Bd6 31. Bc4 Kh7 32. h3 Qc7 33. Kg2 Bxe5 34. dxe5 Kg6
35. Qd2 Kf7 36. Qd1 Kg6 37. Bd4 Qc6 38. hxg4 fxg4 39. Qb1 Nb4 40. Qh1 Qd7 41.
Qh4 Qf7 42. Bxb6 Bd5 43. Bxa5 Nd3 44. Qf6+ Qxf6 45. exf6 Bxc4 46. bxc4 Nc5 47.
Bc3 Nxa4 48. Bd4 Kf7 49. Kf1 e5 50. Bxe5 Nc5 51. Ke2 Ke6 52. Bd4 Nb3 53. c5 Na5
54. Kd2 Nc6 55. Kc3 1-0

[Event "World Rapid 2023"]
[Site "Samarkand UZB"]
[Date "2023.12.28"]
[EventDate "2023.12.26"]
[Round "10.53"]
[Result "0-1"]
[White "Nodirbek Yakubboev"]
[Black "Alisher Suleymenov"]
[WhiteElo "2661"]
[BlackElo "2513"]
[PlyCount "92"]

1. Nf3 Nf6 2. c4 c5 3. Nc3 d5 4. cxd5 Nxd5 5. e4 Nb4 6. Bc4 Nd3+ 7. Ke2 Nf4+ 8.
Kf1 Ne6 9. h4 Nc6 10. h5 h6 11. d3 Ned4 12. Nxd4 cxd4 13. Ne2 e6 14. a3 a6 15.
Ba2 Be7 16. Bf4 O-O 17. Rc1 Bd7 18. Ng1 e5 19. Rxc6 bxc6 20. Bxe5 Bf6 21. Bd6
Re8 22. Nf3 Ra7 23. Bc5 Rb7 24. b4 Be6 25. Bxe6 Rxe6 26. Nd2 a5 27. g3 axb4 28.
axb4 Rb8 29. Kg2 Be7 30. Qa4 Ra8 31. Qc2 Ra3 32. Nb3 Bxc5 33. Nxc5 Re8 34. Qb2
Ra7 35. g4 Qd6 36. Re1 Raa8 37. Qd2 Ra3 38. Re2 Rea8 39. e5 Qd5+ 40. Re4 Ra2 41.
Qf4 Rb2 42. e6 fxe6 43. Nxe6 Re8 44. Nxd4 Rxb4 45. Nf3 Rexe4 46. dxe4 Qxe4 0-1

[Event "World Rapid 2023"]
[Site "Samarkand UZB"]
[Date "2023.12.28"]
[EventDate "2023.12.26"]
[Round "10.54"]
[Result "0-1"]
[White "Artem Uskov"]
[Black "Ter-Sahakyan, Samvel"]
[WhiteElo "2392"]
[BlackElo "2643"]
[PlyCount "78"]

1. c4 e5 2. g3 c6 3. Nf3 e4 4. Nd4 d5 5. cxd5 Qxd5 6. Nc2 Nf6 7. Nc3 Qe5 8. Bg2
Na6 9. O-O Be7 10. Rb1 O-O 11. b4 Rd8 12. a3 Bf5 13. Ne3 Bg6 14. Qc2 Rac8 15.
Bb2 Qe6 16. Rfd1 h5 17. h4 Nc7 18. Qa4 a6 19. Kh2 Nb5 20. Ba1 Nd4 21. Re1 b5 22.
Qd1 c5 23. Rf1 Bd6 24. Rh1 Nf5 25. Bh3 Nxe3 26. dxe3 Bf5 27. Bxf5 Qxf5 28. Qe1
cxb4 29. axb4 Rc4 30. Na2 Ng4+ 31. Kg2 Rc2 32. Rb2 Rdc8 33. Rf1 Rxb2 34. Bxb2
Rc2 35. Nc3 Rxb2 36. Qa1 Rxb4 37. Qxa6 Bxg3 38. Kxg3 Qe5+ 39. f4 0-1

[Event "World Rapid 2023"]
[Site "Samarkand UZB"]
[Date "2023.12.28"]
[EventDate "2023.12.26"]
[Round "10.55"]
[Result "1-0"]
[White "Andrew Hong"]
[Black "Nikolay Averin"]
[WhiteElo "2539"]
[BlackElo "2246"]
[PlyCount "64"]

1. e4 c5 2. Nc3 d6 3. d4 cxd4 4. Qxd4 Nc6 5. Qd2 g6 6. b3 Bg7 7. Bb2 Nf6 8.
O-O-O a6 9. f4 O-O 10. Nf3 b5 11. Qe1 b4 12. Nd5 a5 13. Nxf6+ Bxf6 14. Bxf6 exf6
15. Qd2 Qb6 16. Bc4 Rd8 17. f5 Ba6 18. Bd5 Rac8 19. h4 Ne7 20. fxg6 hxg6 21. h5
Nxd5 22. exd5 g5 23. Nxg5 fxg5 24. Qxg5+ Kf8 25. h6 Rxc2+ 26. Kxc2 Qc5+ 27. Kb1
Rc8 28. Qg7+ Ke7 29. Rhe1+ Kd8 30. Qf6+ Kc7 31. Rc1 Bd3+ 32. Kb2 1-0

[Event "World Rapid 2023"]
[Site "Samarkand UZB"]
[Date "2023.12.28"]
[EventDate "2023.12.26"]
[Round "10.56"]
[Result "1/2-1/2"]
[White "Anton Demchenko"]
[Black "Mustafokhuja Khusenkhojaev"]
[WhiteElo "2609"]
[BlackElo "2298"]
[PlyCount "96"]

1. e4 e5 2. Nf3 Nc6 3. Bc4 Bc5 4. d3 Nf6 5. Bg5 h6 6. Bh4 Be7 7. Bg3 d6 8. a4
O-O 9. h3 Kh8 10. a5 a6 11. Nc3 Nh7 12. Nd5 f5 13. exf5 Bxf5 14. O-O Nf6 15. Re1
Nxd5 16. Bxd5 Bf6 17. c3 Rb8 18. Nd2 Ne7 19. Be4 Qd7 20. Nc4 Bxe4 21. dxe4 Qe6
22. Ra4 Bg5 23. Qg4 Qf7 24. h4 Bf4 25. Bxf4 Qxf4 26. Qxf4 Rxf4 27. g3 Rf7 28.
Ne3 Nc6 29. Re2 Nd8 30. b4 Ne6 31. Raa2 Rbf8 32. Kg2 Kh7 33. Rab2 g6 34. Nc4 Rf3
35. Re3 R3f7 36. f3 g5 37. hxg5 hxg5 38. g4 Kg6 39. Kg3 Rh8 40. Rh2 Rxh2 41.
Kxh2 Rh7+ 42. Kg1 Nf4 43. Nd2 Nh3+ 44. Kf1 Nf4 45. Kg1 Nh3+ 46. Kf1 Nf4 47. Kg1
Nh3+ 48. Kf1 1/2-1/2

[Event "World Rapid 2023"]
[Site "Samarkand UZB"]
[Date "2023.12.28"]
[EventDate "2023.12.26"]
[Round "10.57"]
[Result "0-1"]
[White "Ernur Amangeldy"]
[Black "Vladislav Kovalev"]
[WhiteElo "2134"]
[BlackElo "2582"]
[PlyCount "114"]

1. d4 Nf6 2. c4 g6 3. Nc3 Bg7 4. e4 d6 5. Be2 O-O 6. Nf3 e5 7. d5 a5 8. Be3 Ng4
9. Bg5 f6 10. Bh4 Na6 11. Nd2 Nh6 12. f3 c5 13. dxc6 bxc6 14. Nb3 Nc7 15. Na4 c5
16. O-O Ne6 17. Qd2 Nf7 18. Nc3 a4 19. Nc1 Nd4 20. Nb5 Bh6 21. Qd1 Ng5 22. Nxd4
cxd4 23. Nd3 Ne6 24. b4 Qc7 25. Qc2 Ba6 26. Qxa4 Bxc4 27. Qc2 Rfc8 28. a4 Qa7
29. Bf2 d5 30. a5 Qb7 31. Qb2 dxe4 32. fxe4 Qxe4 33. Rad1 Qd5 34. Nc1 Bxc1 35.
Rxc1 Nf4 36. Bxc4 Rxc4 37. Bg3 Rxc1 38. Rxc1 Nd3 39. Qc2 Nxc1 40. Qxc1 d3 41.
Be1 Qd4+ 42. Kh1 d2 43. Bxd2 Rd8 44. Be3 Qd1+ 45. Qxd1 Rxd1+ 46. Bg1 Rb1 47. a6
Rxb4 48. a7 Ra4 49. g4 Ra2 50. Bf2 Kf7 51. Kg2 Ke6 52. Kf3 Kd5 53. Bb6 Ra3+ 54.
Kf2 f5 55. gxf5 gxf5 56. Be3 f4 57. Bb6 0-1

[Event "World Rapid 2023"]
[Site "Samarkand UZB"]
[Date "2023.12.28"]
[EventDate "2023.12.26"]
[Round "10.58"]
[Result "1/2-1/2"]
[White "Daniyal Sapenov"]
[Black "Vahap Sanal"]
[WhiteElo "2350"]
[BlackElo "2595"]
[PlyCount "94"]

1. e4 c5 2. Nf3 e6 3. Nc3 a6 4. d4 cxd4 5. Nxd4 Qc7 6. Bd3 Nf6 7. Qe2 d6 8. a3
Be7 9. Be3 b5 10. O-O-O Nbd7 11. g4 Nc5 12. Kb1 Rb8 13. Rhe1 b4 14. axb4 Rxb4
15. g5 Nfd7 16. Nf5 Ne5 17. Na2 Rxb2+ 18. Kxb2 exf5 19. Bxc5 Qxc5 20. f4 Nxd3+
21. Rxd3 Be6 22. exf5 Qxf5 23. Qe4 Qxe4 24. Rxe4 Bf5 25. Ra4 Bxd3 26. cxd3 h6
27. h4 hxg5 28. hxg5 f6 29. Rxa6 Rh2+ 30. Kb3 fxg5 31. fxg5 Rg2 32. Nc3 Rxg5 33.
d4 Rf5 34. Kc4 Kf7 35. Ra2 g5 36. Nd5 Bf8 37. Re2 g4 38. Ne3 Rg5 39. Rf2+ Kg7
40. Rg2 d5+ 41. Kb5 g3 42. Rxg3 Rxg3 43. Nf5+ Kf7 44. Nxg3 Bg7 45. Kc5 Bxd4+ 46.
Kxd4 Ke7 47. Kxd5 1/2-1/2

[Event "World Rapid 2023"]
[Site "Samarkand UZB"]
[Date "2023.12.28"]
[EventDate "2023.12.26"]
[Round "10.59"]
[Result "0-1"]
[White "Vasquez Schroeder, Rodrigo"]
[Black "Ortik Nigmatov"]
[WhiteElo "2475"]
[BlackElo "2439"]
[PlyCount "70"]

1. Nf3 Nf6 2. c4 e6 3. Nc3 d5 4. d4 Bb4 5. Qa4+ Nc6 6. Bd2 O-O 7. a3 Be7 8. e3
dxc4 9. Bxc4 Bd6 10. Qc2 e5 11. d5 Ne7 12. h3 a6 13. Rd1 Bf5 14. e4 Bd7 15. Be3
Ng6 16. Kf1 Nh5 17. g3 f5 18. exf5 Bxf5 19. Qe2 e4 20. Ng5 Nxg3+ 21. fxg3 Bg4+
22. Kg2 Bxe2 23. Bxe2 Bxg3 24. Rdf1 Nf4+ 25. Bxf4 Bxf4 26. Ne6 Qh4 27. Nxe4 Be5
28. Bg4 h5 29. Nxf8 hxg4 30. Ne6 gxh3+ 31. Kf3 h2 32. N4g5 Re8 33. Rf2 c6 34.
Re2 Qg3+ 35. Ke4 cxd5+ 0-1

[Event "World Rapid 2023"]
[Site "Samarkand UZB"]
[Date "2023.12.28"]
[EventDate "2023.12.26"]
[Round "10.60"]
[Result "1/2-1/2"]
[White "Andrey Gorovets"]
[Black "Renato Terry"]
[WhiteElo "2481"]
[BlackElo "2522"]
[PlyCount "116"]

1. Nf3 b6 2. g3 Bb7 3. Bg2 g6 4. d4 Nf6 5. c4 e6 6. O-O Bg7 7. Qc2 O-O 8. Nc3 d6
9. e4 Nbd7 10. h3 h6 11. Be3 Qe7 12. Rad1 Rfd8 13. Rfe1 a6 14. Nh2 e5 15. d5 Nh5
16. b4 Qf8 17. Bf3 Nhf6 18. Na4 Bc8 19. Rc1 h5 20. c5 b5 21. Nb2 Bh6 22. c6 Nb6
23. Bg2 Bxe3 24. Rxe3 Qh6 25. Qc3 Nh7 26. Rf1 h4 27. g4 Re8 28. Qc1 a5 29. Ra3
Qxc1 30. Rxc1 axb4 31. Rxa8 Nxa8 32. Bf1 Ng5 33. f3 f5 34. Re1 fxe4 35. fxe4 Ba6
36. Nd3 Nb6 37. Nxb4 Ra8 38. Kg2 Bc8 39. Nf3 Ra4 40. Nxg5 Rxb4 41. Bd3 Nc4 42.
Rb1 Rxb1 43. Bxb1 Nd2 44. Bd3 b4 45. Kf2 b3 46. axb3 Nxb3 47. Ke3 Nd4 48. Kf2
Kg7 49. Ke3 Kf6 50. Nh7+ Ke7 51. Ng5 Kf6 52. Nh7+ Kf7 53. Ng5+ Ke7 54. Kf2 Kf6
55. Nh7+ Kg7 56. Ng5 Kf6 57. Nh7+ Ke7 58. Ng5 Kf6 1/2-1/2

[Event "World Rapid 2023"]
[Site "Samarkand UZB"]
[Date "2023.12.28"]
[EventDate "2023.12.26"]
[Round "10.61"]
[Result "1/2-1/2"]
[White "Manuel Petrosyan"]
[Black "M Pranesh"]
[WhiteElo "2619"]
[BlackElo "2523"]
[PlyCount "174"]

1. e4 e5 2. Nf3 Nc6 3. Bb5 a6 4. Ba4 Nf6 5. Nc3 Bc5 6. O-O O-O 7. Bxc6 dxc6 8.
d3 Bd6 9. a4 h6 10. Be3 Ng4 11. Bd2 Be6 12. Ne2 f5 13. exf5 Bxf5 14. Ng3 Bh7 15.
Bc3 Re8 16. Ne4 Nf6 17. Nfd2 Nd5 18. Qg4 Kh8 19. Nc4 Nxc3 20. Nxc3 Bc5 21. Rae1
Qd4 22. Ne4 Ba7 23. b3 Rf8 24. Qe2 Rae8 25. Ncd2 Qd8 26. h3 Rf4 27. g3 Rf7 28.
Kg2 Ref8 29. f3 Bd4 30. Nc4 Re7 31. Rd1 Qc8 32. c3 Ba7 33. Nf2 Rfe8 34. Ne3 Qe6
35. b4 Qb3 36. Qc2 Qf7 37. Qe2 Qb3 38. Qc2 Bg8 39. Rb1 Qe6 40. Qe2 Bh7 41. a5
Rd8 42. Rbd1 Qb3 43. Rc1 Red7 44. Rfd1 Qe6 45. Neg4 Re7 46. Re1 Rde8 47. Ne4 Qd5
48. Ne3 Qd8 49. Rcd1 Qc8 50. Rf1 Rf8 51. Ng4 Bf5 52. Rh1 Qe6 53. Nef2 Rfe8 54.
Ne3 Bg6 55. Ne4 Rd8 56. Rhe1 Rf8 57. Rf1 Ref7 58. Ng4 Bf5 59. Nc5 Bxc5 60. bxc5
h5 61. Nf2 h4 62. g4 Bg6 63. Ne4 Rf4 64. Rde1 Qe7 65. Qe3 Qd8 66. Rd1 Kg8 67. c4
Qe8 68. Nc3 Qf7 69. Rde1 Rd4 70. Ne4 Qf4 71. Qxf4 exf4 72. Rb1 Rxd3 73. Rxb7
Bxe4 74. fxe4 f3+ 75. Kg1 Rf4 76. Rxc7 Rxe4 77. Rxc6 Rxc4 78. Rxa6 Rxc5 79. Ra8+
Kf7 80. a6 Ra5 81. a7 Ra2 82. g5 Re3 83. Rh8 Rxa7 84. Rxh4 Kg6 85. Rf4 Raa3 86.
h4 Kh5 87. Rf2 1/2-1/2

[Event "World Rapid 2023"]
[Site "Samarkand UZB"]
[Date "2023.12.28"]
[EventDate "2023.12.26"]
[Round "10.38"]
[Result "1/2-1/2"]
[White "Zhamsaran Tsydypov"]
[Black "Mamikon Gharibyan"]
[WhiteElo "2530"]
[BlackElo "2504"]
[PlyCount "78"]

1. e4 c5 2. Nf3 Nc6 3. d4 cxd4 4. Nxd4 Nf6 5. Nc3 e5 6. Ndb5 d6 7. Nd5 Nxd5 8.
exd5 Nb8 9. c4 Be7 10. Bd3 O-O 11. O-O a6 12. Nc3 f5 13. f3 Qb6+ 14. Kh1 Nd7 15.
Rb1 Qd4 16. Qe2 Qh4 17. b4 b6 18. Be3 Rb8 19. g3 Qh5 20. g4 fxg4 21. fxg4 Qh3
22. Bf5 Nf6 23. Rf3 Qh4 24. Bf2 Qh6 25. Be3 Qh4 26. Bf2 Qh6 27. Rg1 Bxf5 28.
gxf5 Qh5 29. Be3 Kh8 30. Bg5 Rbc8 31. Rgg3 b5 32. c5 dxc5 33. Qxe5 Ng4 34. Rxg4
Qxg4 35. Rg3 Qc4 36. Bxe7 Qf1+ 37. Rg1 Qf3+ 38. Rg2 Qf1+ 39. Rg1 1/2-1/2

[Event "World Rapid 2023"]
[Site "Samarkand UZB"]
[Date "2023.12.28"]
[EventDate "2023.12.26"]
[Round "10.63"]
[Result "1-0"]
[White "Kacper Piorun"]
[Black "Artem Pingin"]
[WhiteElo "2593"]
[BlackElo "2419"]
[PlyCount "106"]

1. e4 c5 2. Nf3 e6 3. c3 Nf6 4. e5 Nd5 5. d4 cxd4 6. cxd4 d6 7. Bc4 Be7 8. O-O
O-O 9. Qe2 b6 10. Rd1 Bb7 11. Bxd5 exd5 12. Nc3 Na6 13. Bf4 Nc7 14. exd6 Bxd6
15. Bxd6 Qxd6 16. Rac1 Rfe8 17. Qd2 f6 18. Ne2 Qd7 19. Ng3 Nb5 20. h4 Nd6 21.
Qf4 Rac8 22. h5 Nf7 23. Nh4 Rxc1 24. Rxc1 Rc8 25. Re1 Re8 26. Rd1 Qd6 27. Qg4
Bc8 28. Nhf5 Qf8 29. Qf3 Be6 30. Rc1 g6 31. Ne3 Ng5 32. Qf4 Re7 33. Rc6 Kg7 34.
a3 Qf7 35. Qd6 Rd7 36. Qb8 Re7 37. b4 Re8 38. Qd6 Re7 39. Qf4 Qf8 40. b5 Qf7 41.
a4 Qf8 42. Qd6 Qf7 43. Rc1 Rd7 44. Qf4 Re7 45. Rc6 Qf8 46. Qh4 Bd7 47. Rc7 Be6
48. Qf4 Qf7 49. Rxe7 Qxe7 50. Qb8 Nf7 51. Ne2 Qd7 52. Nf4 Nd8 53. Qxd8 1-0

[Event "World Rapid 2023"]
[Site "Samarkand UZB"]
[Date "2023.12.28"]
[EventDate "2023.12.26"]
[Round "10.64"]
[Result "1-0"]
[White "Velimir Ivic"]
[Black "Gianmarco Leiva"]
[WhiteElo "2570"]
[BlackElo "2398"]
[PlyCount "104"]

1. e4 c6 2. Nf3 d5 3. Nc3 g6 4. d4 Bg7 5. h3 Nh6 6. Bd3 O-O 7. O-O f6 8. Ne2 Nf7
9. c4 dxe4 10. Bxe4 f5 11. Bc2 e5 12. dxe5 Nxe5 13. Nxe5 Bxe5 14. Bh6 Qxd1 15.
Raxd1 Re8 16. Rfe1 Bg7 17. Bxg7 Kxg7 18. Nd4 Rxe1+ 19. Rxe1 Kf8 20. f4 Na6 21.
Kf2 Nc7 22. c5 Na6 23. Re5 Bd7 24. Bd3 Nc7 25. Bc4 Re8 26. Rxe8+ Nxe8 27. b4 Ke7
28. Ke3 Nc7 29. a3 Kf6 30. Nb3 Be6 31. Bxe6 Nxe6 32. Na5 Nd8 33. a4 h6 34. b5
Ke6 35. Kd4 g5 36. g3 gxf4 37. gxf4 h5 38. h4 Ke7 39. Ke5 cxb5 40. axb5 Nf7+ 41.
Kxf5 b6 42. Nc6+ Kd7 43. Ne5+ Nxe5 44. Kxe5 bxc5 45. Kd5 c4 46. Kxc4 Ke6 47. Kc5
Kf5 48. Kc6 Kg4 49. f5 Kxf5 50. Kb7 Kg4 51. Kxa7 Kxh4 52. b6 1-0

[Event "World Rapid 2023"]
[Site "Samarkand UZB"]
[Date "2023.12.28"]
[EventDate "2023.12.26"]
[Round "10.65"]
[Result "1-0"]
[White "Robert Ruck"]
[Black "Mikhail Bryakin"]
[WhiteElo "2531"]
[BlackElo "2486"]
[PlyCount "66"]

1. Nf3 d5 2. d4 Nf6 3. c4 c6 4. Nc3 e6 5. Bg5 dxc4 6. e4 b5 7. e5 h6 8. Bh4 g5
9. Nxg5 hxg5 10. Bxg5 Nbd7 11. exf6 Nxf6 12. g3 Bh6 13. Bxh6 Rxh6 14. Bg2 Qb6
15. Qd2 Rh5 16. h3 Bb7 17. g4 Rh8 18. Qg5 Nh7 19. Qe5 O-O-O 20. O-O-O Qc7 21. f4
Qe7 22. Rhe1 Nf6 23. f5 Nd7 24. Qe3 Rhe8 25. fxe6 fxe6 26. g5 Nb6 27. h4 b4 28.
Ne4 Nd5 29. Qg3 c3 30. Bh3 cxb2+ 31. Kxb2 Nc7 32. Nc5 Kb8 33. Nxe6 1-0

[Event "World Rapid 2023"]
[Site "Samarkand UZB"]
[Date "2023.12.28"]
[EventDate "2023.12.26"]
[Round "10.66"]
[Result "1/2-1/2"]
[White "Kazybek Nogerbek"]
[Black "Alexander Riazantsev"]
[WhiteElo "2483"]
[BlackElo "2616"]
[PlyCount "150"]

1. d4 Nf6 2. c4 g6 3. Nc3 Bg7 4. e4 d6 5. Nf3 O-O 6. Be2 Re8 7. O-O Nc6 8. Be3
e5 9. d5 Nd4 10. Nxd4 exd4 11. Bxd4 Nxe4 12. Bxg7 Kxg7 13. Qd4+ Qf6 14. Qxf6+
Kxf6 15. Nb5 Re7 16. Rfe1 a6 17. Nd4 Bd7 18. Bd3 Rae8 19. f3 Nc5 20. Rxe7 Rxe7
21. Bc2 a5 22. Kf2 h6 23. h4 Re8 24. b3 c6 25. dxc6 bxc6 26. Rd1 h5 27. a3 Ke7
28. Ke3 Rb8 29. Kd2 Ne6 30. Ne2 c5 31. Kc3 Bc6 32. Re1 Kf6 33. Bd3 Rg8 34. Rh1
Re8 35. Rb1 Re7 36. Rb2 Re8 37. b4 axb4+ 38. axb4 cxb4+ 39. Rxb4 Nc5 40. Kd2 Bd7
41. Rb6 Ke7 42. Be4 Nxe4+ 43. fxe4 Be6 44. Kd3 Rc8 45. Rb4 Kf6 46. Kd4 Ra8 47.
Nc3 Ra1 48. Rb6 Ke7 49. Rb7+ Kf6 50. g3 Rg1 51. Rb3 g5 52. Nd5+ Bxd5 53. hxg5+
Kxg5 54. exd5 Rd1+ 55. Rd3 Rc1 56. Rf3 f5 57. Re3 Rd1+ 58. Kc3 Rc1+ 59. Kd3 Rd1+
60. Kc3 Rc1+ 61. Kb4 Rb1+ 62. Ka5 Rc1 63. Kb5 Rb1+ 64. Kc6 Rc1 65. Kxd6 Rxc4 66.
Ke6 f4 67. Re5+ Kg4 68. gxf4 Rxf4 69. d6 h4 70. d7 Rf8 71. Kd6 Rd8 72. Re8 Rxd7+
73. Kxd7 h3 74. Rh8 Kg3 75. Rxh3+ Kxh3 1/2-1/2

[Event "World Rapid 2023"]
[Site "Samarkand UZB"]
[Date "2023.12.28"]
[EventDate "2023.12.26"]
[Round "10.67"]
[Result "1/2-1/2"]
[White "Raymond Song"]
[Black "Liam Vrolijk"]
[WhiteElo "2503"]
[BlackElo "2566"]
[PlyCount "102"]

1. Nf3 d5 2. e3 Nf6 3. c4 e6 4. Nc3 c5 5. cxd5 exd5 6. d4 Nc6 7. Bb5 cxd4 8.
exd4 Bd6 9. O-O O-O 10. Bg5 Bg4 11. Be2 Re8 12. h3 Bxf3 13. Bxf3 h6 14. Bh4 g5
15. Bg3 Bxg3 16. fxg3 Qd6 17. Qd2 Rad8 18. Qf2 Re7 19. Rad1 a6 20. g4 Kg7 21.
Ne2 Re6 22. Ng3 Ne7 23. Rc1 Qf4 24. Rc3 Kg8 25. Rc2 Rdd6 26. Ne2 Qe3 27. Qxe3
Rxe3 28. Rc7 Rb6 29. Kf2 Ree6 30. b3 Ne4+ 31. Bxe4 dxe4 32. Nc3 f5 33. d5 Re5
34. Ke3 Rxd5 35. gxf5 Rxf5 36. Rxf5 Nxf5+ 37. Kxe4 Ng7 38. Nd5 Re6+ 39. Kd4 Re2
40. Nf6+ Kf8 41. Nh7+ Kg8 42. Nf6+ Kf8 43. Rxb7 Rxa2 44. Nh7+ Kg8 45. Nf6+ Kf8
46. g4 Rh2 47. Nh7+ Kg8 48. Nf6+ Kf8 49. Nh7+ Kg8 50. Nf6+ Kf8 51. Ke4 1/2-1/2

[Event "World Rapid 2023"]
[Site "Samarkand UZB"]
[Date "2023.12.28"]
[EventDate "2023.12.26"]
[Round "10.68"]
[Result "1-0"]
[White "Roman Kezin"]
[Black "Bobir Sattarov"]
[WhiteElo "2502"]
[BlackElo "2353"]
[PlyCount "58"]

1. d4 Nf6 2. Nf3 c5 3. d5 g6 4. Nc3 Bg7 5. e4 d6 6. Bb5+ Bd7 7. a4 O-O 8. O-O
Na6 9. Re1 Nc7 10. Bf1 a6 11. e5 dxe5 12. Nxe5 Be8 13. Be3 Ncxd5 14. Bxc5 Qc7
15. Nd3 Rd8 16. Nxd5 Nxd5 17. c4 Nf4 18. Bxe7 Bc6 19. Bxf8 Bxf8 20. Qb3 Rxd3 21.
Bxd3 Nxg2 22. Be4 Nh4 23. Qg3 Qd8 24. Bxc6 Nf5 25. Re8 Qf6 26. Qa3 Nd6 27. Rxf8+
Kxf8 28. Rd1 Ke7 29. Qxd6+ 1-0

[Event "World Rapid 2023"]
[Site "Samarkand UZB"]
[Date "2023.12.28"]
[EventDate "2023.12.26"]
[Round "10.69"]
[Result "0-1"]
[White "Cem Kaan Gokerkan"]
[Black "Johan-Sebastian Christiansen"]
[WhiteElo "2523"]
[BlackElo "2618"]
[PlyCount "82"]

1. e4 e5 2. Nc3 Nf6 3. g3 c6 4. d4 Bb4 5. dxe5 Nxe4 6. Qd4 Qa5 7. Ne2 f5 8. exf6
Nxf6 9. Qe3+ Kf7 10. Bd2 Re8 11. Qf4 d5 12. O-O-O Nd7 13. a3 Bf8 14. Bg2 Qd8 15.
g4 Kg8 16. g5 Nh5 17. Qh4 g6 18. Ng3 Ng7 19. Nxd5 cxd5 20. Bxd5+ Ne6 21. Bc3 Bg7
22. Rhe1 Qb6 23. Qc4 Nf8 24. Bxg7 Kxg7 25. Qc3+ Kg8 26. Ne4 Re7 27. Bc4 Rg7 28.
Nf6+ Kh8 29. Ne8 Qc5 30. Nxg7 Nxg7 31. Re8 Qxg5+ 32. Kb1 Qf5 33. Rdd8 Bd7 34.
Rxa8 Bxe8 35. Rxe8 g5 36. Re7 Qg6 37. Rxb7 a6 38. Bd3 Qh6 39. Qe5 Kg8 40. Bc4+
Kh8 41. Rb8 0-1